Nghiên cứu nâng cao hiệu quả nhân giống mía (Sacchrum officinrum L.)(Luận án Thạc sĩ Khoa học Sinh vật học và môi trường, chuyên ngành Sinh vật học và Môi trường)

Công trình xác định quy trình nhân giống mía bằng nuoi cấy mô qua việc thử nghiệm các môi trường nuôi cấy mô mía; đồng thời quan sát một số đặc tính nông học của cây mía nuôi cấy mô trồng ở điều kiện đồng ruộng...

Descrición completa

Gardado en:
Detalles Bibliográficos
Autor Principal: Trương Thị Thủy
Formato: Libro
Idioma:Undetermined
Publicado: Cần Thơ Trường ĐH Cần Thơ 1998
Những chủ đề:
Các nhãn: Engadir etiqueta
Sen Etiquetas, Sexa o primeiro en etiquetar este rexistro!
Thư viện lưu trữ: Trung tâm Học liệu Trường Đại học Cần Thơ
LEADER 01082nam a2200193Ia 4500
001 CTU_29418
008 210402s9999 xx 000 0 und d
082 |a 633.61 
082 |b Th523 
100 |a Trương Thị Thủy 
245 0 |a Nghiên cứu nâng cao hiệu quả nhân giống mía (Sacchrum officinrum L.)(Luận án Thạc sĩ Khoa học Sinh vật học và môi trường, chuyên ngành Sinh vật học và Môi trường) 
245 0 |c Trương Thị Thủy 
260 |a Cần Thơ 
260 |b Trường ĐH Cần Thơ 
260 |c 1998 
520 |a Công trình xác định quy trình nhân giống mía bằng nuoi cấy mô qua việc thử nghiệm các môi trường nuôi cấy mô mía; đồng thời quan sát một số đặc tính nông học của cây mía nuôi cấy mô trồng ở điều kiện đồng ruộng 
650 |a crop science,sugarcane 
904 |i Minh, 990401 
980 |a Trung tâm Học liệu Trường Đại học Cần Thơ